Dějepis pro 7. ročník ZvŠ : pracovní sešit /

Hlavní autor: Toušková, Jana, 1950-
Jazyk: Čeština
Vydáno: Praha : Parta, 2001
Vydání: 3. vyd.
Témata:
Fyzický popis: 41 s. : il. ; 30 cm
Knihy
Uloženo v:
LEADER 01296nam a2200385 a 4500
001 000566689
003 CZ BrMZK
005 20250121105203.0
007 ta
008 000115s2001 xr c p 0 cze d
015 |a cnb001008487 
020 |a 80-7320-002-3 
035 |a (OCoLC)37962116 
040 |a BOA001  |b cze 
072 7 |a 93/94  |x Dějiny (obecně)  |2 Konspekt  |9 8 
072 7 |a 37.016  |x Učební osnovy. Vyučovací předměty. Učebnice  |2 Konspekt  |9 22 
080 |a 93/94  |2 MRF 
080 |a (075.2)  |2 MRF 
080 |a (076.1)  |2 MRF 
100 1 |a Toušková, Jana,  |d 1950-  |7 mzk2004257428  |4 aut 
245 1 0 |a Dějepis pro 7. ročník ZvŠ :  |b pracovní sešit /  |c [Jana Toušková] 
250 |a 3. vyd. 
260 |a Praha :  |b Parta,  |c 2001 
300 |a 41 s. :  |b il. ;  |c 30 cm 
500 |a Název z obálky 
504 |a Obsahuje bibliografii 
650 0 7 |a dějepis  |7 ph117186  |2 czenas 
650 0 9 |a history (school subject)  |2 eczenas 
655 7 |a učebnice základních škol  |7 fd133773  |2 czenas 
655 7 |a pracovní sešity  |7 fd133116  |2 czenas 
655 9 |a textbooks (elementary)  |2 eczenas 
655 9 |a activity books  |2 eczenas 
910 |a BOA001  |b 4-1088.257 
990 |a BK 
996 6 |b 2610138982  |c 4-1088.257  |l MZK  |r Sklad / do 1 hodiny  |n 1  |p p.v.  |w 000566689  |u 000010  |a 1  |e BOA001  |j MZK50  |s P